Poème - L'adieu - Apollinaire - Statistiques

Statistiques générales
  • Ce quiz a été pris 9 fois
  • Le résultat moyen est 23 sur 34
Statistiques - réponses
Réponse % Correct
ai
100%
de
100%
de
100%
J'
100%
brin
75%
brin
75%
bruyère
75%
bruyère
75%
ce
75%
cueilli
75%
du
75%
en
75%
est
75%
Et
75%
je
75%
L'
75%
que
75%
t'
75%
t'
75%
attends
50%
automne
50%
morte
50%
ne
50%
Nous
50%
nous
50%
Odeur
50%
plus
50%
souviens-
50%
souviens-
50%
sur
50%
temps
50%
terre
50%
toi
50%
verrons
50%
Aucun quiz correspondant
Distribution des résultats
% des personnes avec chaque résultat
Percentile par nombre de réponses
Votre historique - résultats
Vous n’avez pas pris ce quiz